000 00491nam a22001577a 4500
003 OSt
005 20221013163409.0
008 221013b |||||||| |||| 00| 0 eng d
040 _cBiblioteca Lado V
082 _a721.045
_bSA252n
100 _9173
_aSaslavsky Absatz, Ricardo
_bSaslavsky Absatz, Ricardo
_edirector
245 _aNovena ReseƱa de Arquitectura/
260 _aMexico
_bOffset Santiago
300 _a228p.
_c24x34cm
942 _2ddc
_c1
_h721.04
_iSA252n
_n0
999 _c2302
_d2302